Alexandria : an archaeological guide to the city and the Graeco-Roman Museum /

محفوظ في:

المؤلف الرئيسي: Riyad, Hinri.

مؤلفون آخرون: Shihatah, Yusuf Hanna., Ghiryani, Yusuf Mufid.

التنسيق: كتاب

اللغة: English

منشور في: Cairo : Balagh Press, [1960?]

الموضوعات:

الوسوم: إضافة وسم

لا توجد وسوم, كن أول من يضع وسما على هذه التسجيلة!

رقم الطلب: DT73.A4 R513 196-

LEADER 00962cam a2200253Ma 4500
001 ocn641480728
003 OCoLC
005 20240116135030.0
008 941113s1960 ua aef 000 0 eng d
050 4 |a DT73.A4  |b R513 196- 
100 1 |a Riyad, Hinri. 
245 1 0 |a Alexandria :  |b an archaeological guide to the city and the Graeco-Roman Museum /  |c by Henry Riad, Youssef Hanna Shehata, Youssef el-Gheriani ; revised by Daoub Abdo Daoud. 
246 3 |a Guide to the Alexandrian monuments 
264 1 |a Cairo :  |b Balagh Press,  |c [1960?] 
300 |a 199 pages, 56 unnumbered leaves of plates :  |b illustrations, folded plans 
336 |a text  |b txt  |2 rdacontent 
337 |a unmediated  |b n  |2 rdamedia 
338 |a volume  |b nc  |2 rdacarrier 
500 |a On cover: Guide to the Alexandrian monuments. 
546 |a Retro. 
610 2 0 |a Mathaf al-Yunani al-Rumani (Alexandria, Egypt) 
700 1 |a Shihatah, Yusuf Hanna. 
700 1 |a Ghiryani, Yusuf Mufid. 
999 |c 55491  |d 55491